"Who will (or should) inherit the earth?" the new challenge of /

According to EU statistics – an average figure in developed market economies – family entrepreneurships do not survive a generation shift. According to the French Chamber, in case of a seemingly planned and methodically executed company inheritance (from a retiring owner to another family member) ev...

Teljes leírás

Elmentve itt :
Bibliográfiai részletek
Szerző: Noszkay Erzsébet
Testületi szerző: Principles of Scientific Management : International Scientific Conference
Dokumentumtípus: Könyv része
Megjelent: University of Szeged Faculty of Economics and Business Administration Szeged 2013
Sorozat:Proceedings of the "Scientific Management" and Management Science Today International Scientific Conference
Kulcsszavak:Vállalkozás - családi
Tárgyszavak:
Online Access:http://acta.bibl.u-szeged.hu/57909
LEADER 02008naa a2200229 i 4500
001 acta57909
005 20221212141801.0
008 190516s2013 hu o 1|| eng d
020 |a 978-963-306-176-3 
040 |a SZTE Egyetemi Kiadványok Repozitórium  |b hun 
041 |a eng 
100 1 |a Noszkay Erzsébet 
245 1 0 |a "Who will (or should) inherit the earth?"   |h [elektronikus dokumentum] :  |b the new challenge of /  |c  Noszkay Erzsébet 
260 |a University of Szeged Faculty of Economics and Business Administration  |b Szeged  |c 2013 
300 |a 348-358 
490 0 |a Proceedings of the "Scientific Management" and Management Science Today International Scientific Conference 
520 3 |a According to EU statistics – an average figure in developed market economies – family entrepreneurships do not survive a generation shift. According to the French Chamber, in case of a seemingly planned and methodically executed company inheritance (from a retiring owner to another family member) every third company has not even survived the transfer after seven years. Also nearly 20% fall victim of the transfer process itself. This is certainly a serious loss of property with regard to the national wealth, and also a very serious financial loss to the affected families themselves, not to mention the emotional strain. The company inheritance’s pitfalls often appear as specific signs of crisis, thus crisis management experts are confronted by this problem in Hungary. As the author is an expert in a specific field of consultancy, the present study does not scrutinise possible types of heredity (outputs), but rather its methodological aspects. 
650 4 |a Társadalomtudományok 
650 4 |a Közgazdasági és gazdálkodástudományok 
695 |a Vállalkozás - családi 
711 |a Principles of Scientific Management : International Scientific Conference  |c Szeged  |d 2011 
856 4 0 |u http://acta.bibl.u-szeged.hu/57909/1/proceedings_of_the_scientific_management_348-358.pdf  |z Dokumentum-elérés